|
|
|
|
| LEADER |
00000nam0a2200000 4500 |
| 001 |
37650 |
| 005 |
20231101210439.0 |
| 010 |
|
|
|a 5777700837
|
| 010 |
|
|
|a 5-16-000567-6
|
| 035 |
|
|
|a (RuTPU)RU\TPU\book\38240
|
| 090 |
|
|
|a 37650
|
| 100 |
|
|
|a 20020129d2001 m y0rusy50 ca
|
| 101 |
1 |
|
|a rus
|
| 102 |
|
|
|a RU
|
| 105 |
|
|
|a y j 001zy
|
| 200 |
1 |
|
|a Политическая социология
|e пер. с фр.
|f Д. Кола
|
| 210 |
|
|
|a Москва
|c Весь Мир
|d 2001
|c ИНФРА-М
|
| 215 |
|
|
|a 406 с.
|
| 225 |
1 |
|
|a Университетский учебник
|
| 320 |
|
|
|a Библиогр.: с. 395-405.
|
| 606 |
1 |
|
|a Политическая социология
|2 stltpush
|3 (RuTPU)RU\TPU\subj\37792
|9 58601
|
| 610 |
1 |
|
|a социология
|
| 610 |
1 |
|
|a политика
|
| 610 |
1 |
|
|a политическая социология
|
| 610 |
1 |
|
|a общество
|
| 610 |
1 |
|
|a государство
|
| 610 |
1 |
|
|a общение
|
| 610 |
1 |
|
|a личность
|
| 610 |
1 |
|
|a господство
|
| 610 |
1 |
|
|a политические партии
|
| 610 |
1 |
|
|a разрушение
|
| 610 |
1 |
|
|a производство
|
| 610 |
1 |
|
|a экономика
|
| 610 |
1 |
|
|a власть
|
| 610 |
1 |
|
|a нации
|
| 610 |
1 |
|
|a гражданское общество
|
| 610 |
1 |
|
|a учебники
|
| 686 |
|
|
|a С55.51я73
|v LBC/SL-A
|2 rubbk
|
| 700 |
|
1 |
|a Кола
|b Д.
|g Доминик
|
| 801 |
|
1 |
|a RU
|b 63413507
|c 20020129
|g PSBO
|
| 801 |
|
2 |
|a RU
|b 63413507
|c 20220408
|g PSBO
|
| 900 |
|
|
|a Социология массовой коммуникации
|
| 942 |
|
|
|c BK
|